000 00458nam a2200145 a 4500
001 000029635
005 20200930055707.0
008 110419s1947 dr 000 0 spa d
040 _aDO-SdBNP
_bspa
_cBNPHU
100 1 _aEnrique Hernández, J.
_956446
245 1 3 _aLa revolución es el espíritu /
_cJ. Enrique Hernández,.
260 _aCiudad Trujillo, República Dominicana :
_bEditorial La Nación,
_c[1947].
300 _a14 p. ;
_c27 cm.
049 _aBNPD
999 _c29127
_d29127